| 000 | 00671na a2200229 4500 | ||
|---|---|---|---|
| 001 | 24431 | ||
| 003 | MIRAKIL | ||
| 005 | 20181226104235.0 | ||
| 008 | 181017b tu 000 0 | ||
| 035 | _a18920 | ||
| 041 | _atur | ||
| 082 |
_a320.9561 _bT96 2005 |
||
| 090 | _a320.9561 T96 2005 | ||
| 245 |
_aTürkiye sorunları _cyayına hazırlayan Ali Nejat Ölçen |
||
| 260 |
_aAnkara _c2006 _fPlaka Matbaacılık |
||
| 300 |
_ac. _c19 sm. |
||
| 500 | _aAynı ciltte 61,62,63,64,65,66,67,68,69,70 sayılar mevcuttur. | ||
| 650 |
_aSiyaset ve yönetim _xSorunlar _zTürkiye |
||
| 700 | _aÖlçen, Ali Nejat | ||
| 942 |
_2ddc _cBKS |
||
| 040 |
_aMilas _btur _cTR-AnCHP |
||
| 999 |
_c11830 _d11830 |
||